Fluid mechanics through worked out problems (Record no. 2538)

000 -LEADER
fixed length control field 00578nam a22002177a 4500
001 - CONTROL NUMBER
control field 2538
003 - CONTROL NUMBER IDENTIFIER
control field BD-DhUET
008 - FIXED-LENGTH DATA ELEMENTS--GENERAL INFORMATION
fixed length control field 140924b xxu||||| |||| 00| 0 eng d
020 ## - INTERNATIONAL STANDARD BOOK NUMBER
International Standard Book Number 9843109230
040 ## - CATALOGING SOURCE
Transcribing agency 0
Modifying agency BD-DhUET
082 ## - DEWEY DECIMAL CLASSIFICATION NUMBER
Classification number 532
Item number QUA/2006
100 ## - MAIN ENTRY--PERSONAL NAME
Personal name Quamrul Islam , Md.
245 ## - TITLE STATEMENT
Title Fluid mechanics through worked out problems
250 ## - EDITION STATEMENT
Edition statement 1st ed.
260 ## - PUBLICATION, DISTRIBUTION, ETC. (IMPRINT)
Place of publication, distribution, etc. Gazipur
Name of publisher, distributor, etc. Islamic University of Technology
Date of publication, distribution, etc. 2006
300 ## - PHYSICAL DESCRIPTION
Extent xii,777 p.
504 ## - BIBLIOGRAPHY, ETC. NOTE
Bibliography, etc Includes bibliographies
650 #0 - SUBJECT ADDED ENTRY--TOPICAL TERM
Topical term or geographic name as entry element Fluid mechanics
700 ## - ADDED ENTRY--PERSONAL NAME
Personal name Mondal , Amalesh Chandra
942 ## - ADDED ENTRY ELEMENTS (KOHA)
Koha item type General Book
Holdings
Sublocation or collection (holding branch) Damaged status Koha normalized classification for sorting Location (home branch) Copy number Shelving location Lost status Koha renewals Not for loan Koha item type Date acquired Koha issues (times borrowed) Withdrawn status Koha out on loan Piece designation (barcode) Koha date last seen Price effective from Source of classification or shelving scheme Koha date last borrowed Koha full call number
Central Library, BUET 532QUA2006Central Library, BUET1Circulation section   General Book2014-09-249 2024-09-141027492024-08-312014-09-24 2024-08-31532/QUA/2006
Central Library, BUET 532_000000000000000_QUA_2006Central Library, BUET2Circulation section   General Book2014-09-2416  1027502025-11-092014-09-24 2025-08-10532/QUA/2006
Central Library, BUET 532_000000000000000_QUA_2006Central Library, BUET3Circulation section 1 General Book2014-09-2415  1027512026-04-122014-09-24 2026-03-30532/QUA/2006
Central Library, BUET 532_000000000000000_QUA_2006Central Library, BUET4Circulation section   General Book2015-08-1724 2025-07-141027482025-06-302015-08-17 2025-06-30532/QUA/2006
Central Library, BUET 532_000000000000000_QUA_2006Central Library, BUET5Circulation section   General Book2006-11-0610 2023-12-161027522023-12-022018-04-21 2023-12-02532/QUA/2006